[Event "Lichtenberger Sommer 2024"]
[Site "Berlin"]
[Date "2024.08.14"]
[Round "5.1"]
[White "Yatskar, Martin"]
[Black "Bui, Bao Anh Le"]
[Result "1-0"]
[WhiteElo "2115"]
[BlackElo "2177"]
[PlyCount "59"]
[EventDate "2024.08.10"]
[WhiteTeam "SK König Tegel 1949 e.V."]
[BlackTeam "SV Mattnetz Berlin e.V."]

1. d4 d5 2. Nf3 e6 3. g3 Nf6 4. Bg2 Be7 5. O-O O-O 6. c4 c6 7. Nc3 b6 8. Ne5
Bb7 9. e4 dxc4 10. Nxc4 Ba6 11. b3 b5 12. Ne3 b4 13. Ne2 Nbd7 14. Bb2 Rc8 15.
Re1 Nb6 16. Nf4 Bb7 17. Qe2 Rc7 18. Rad1 Qa8 19. Ng4 Nbd7 20. Ne3 Nb6 21. Nd3
Nbd7 22. Qc2 c5 23. d5 exd5 24. exd5 Nb6 25. Nf4 Ne8 26. Nf5 Bf6 27. Bxf6 Nxf6
28. Qb2 Rd7 29. Nxg7 Qd8 30. Nf5 1-0

[Event "Lichtenberger Sommer 2024"]
[Site "Berlin"]
[Date "2024.08.14"]
[Round "5.2"]
[White "Herms Agullo, Jordi"]
[Black "Torosyan, Bagrat"]
[Result "0-1"]
[WhiteElo "2043"]
[BlackElo "2126"]
[PlyCount "106"]
[EventDate "2024.08.10"]
[WhiteTeam "Granollers Chess Club"]
[BlackTeam "TSG Oberschöneweide e.V."]

1. e4 e5 2. Nf3 Nc6 3. Nc3 Nf6 4. d4 exd4 5. Nd5 Nxd5 6. exd5 Bb4+ 7. Bd2 Qe7+
8. Be2 d3 9. cxd3 Bxd2+ 10. Qxd2 Nb4 11. O-O Nxd5 12. d4 O-O 13. Rfe1 Qf6 14.
Bc4 Nb6 15. Bb3 d5 16. Ne5 Qd6 17. Bc2 f6 18. Qd3 fxe5 19. Qxh7+ Kf7 20. Qh5+
Ke7 21. Rxe5+ Kd8 22. Rae1 Bd7 23. Re7 c6 24. h3 Kc7 25. R1e2 Rad8 26. Rxg7 Rh8
27. Qg5 Rhe8 28. Rxe8 Rxe8 29. g4 Rf8 30. h4 Kb8 31. h5 Qb4 32. Qe5+ Ka8 33. f4
Qd2 34. Bf5 Bxf5 35. gxf5 Nc4 36. Qe7 Qxd4+ 37. Kh2 Qxb2+ 38. Kh3 Rh8 39. Qf7
Qc3+ 40. Kg4 Rb8 41. h6 Nd6 42. Qe6 Ne4 43. Qe5 Nf2+ 44. Kg5 Qg3+ 45. Kh5 Qh3+
46. Kg5 Qg4+ 47. Kf6 Qh4+ 48. Kf7 Qxh6 49. f6 Nd3 50. Qg5 Qh2 51. f5 Ne5+ 52.
Ke6 Nc4 53. Kf7 Qh8 0-1

[Event "Lichtenberger Sommer 2024"]
[Site "Berlin"]
[Date "2024.08.14"]
[Round "5.3"]
[White "Das, Soham"]
[Black "Sieglen, Joachim"]
[Result "1-0"]
[WhiteElo "2334"]
[BlackElo "2113"]
[PlyCount "49"]
[EventDate "2024.08.10"]
[WhiteTeam "SK Tarrasch 1945 München"]
[BlackTeam "SC Untergrombach 46"]

1. e4 e6 2. d3 d5 3. Qe2 Nf6 4. Nf3 c5 5. g3 Nc6 6. Bg2 Be7 7. O-O O-O 8. e5
Nd7 9. c4 dxc4 10. dxc4 a6 11. Rd1 Qc7 12. Bf4 b6 13. Nc3 Bb7 14. Nd5 exd5 15.
e6 Bd6 16. Bxd6 Qxd6 17. Rxd5 Nd4 18. exf7+ Rxf7 19. Nxd4 Bxd5 20. Bxd5 Raf8
21. Nf3 Nf6 22. Bxf7+ Rxf7 23. Rd1 Qc7 24. Qe6 Qe7 25. Qxb6 1-0

[Event "Lichtenberger Sommer 2024"]
[Site "Berlin"]
[Date "2024.08.14"]
[Round "5.4"]
[White "Tschernatsch, Johannes"]
[Black "Schulz, Michael"]
[Result "1-0"]
[WhiteElo "2264"]
[BlackElo "2109"]
[PlyCount "101"]
[EventDate "2024.08.10"]
[WhiteTeam "SV Babelsberg 03 e.V."]
[BlackTeam "SC Zitadelle Spandau 1977 e.V."]

1. e4 e6 2. d4 d5 3. Nd2 Be7 4. Ngf3 Nf6 5. e5 Nfd7 6. Bd3 c5 7. c3 Nc6 8. O-O
a5 9. a4 O-O 10. Re1 f6 11. exf6 Nxf6 12. dxc5 e5 13. Nxe5 Nxe5 14. Rxe5 Bxc5
15. Nf3 Ng4 16. Rxd5 Nxf2 17. Rxd8 Nxd1+ 18. Rd4 Bg4 19. Be2 Bxf3 20. Bxf3 Rae8
21. Kf1 Bxd4 22. cxd4 Ne3+ 23. Bxe3 Rxe3 24. Rd1 Rb3 25. Rd2 Rf6 26. Ke2 Kf8
27. Bd5 Rb4 28. b3 b5 29. axb5 Rd6 30. Bc4 a4 31. Kd3 axb3 32. Rb2 Rb6 33. Kc3
R4xb5 34. Bxb5 Rxb5 35. Rxb3 Rg5 36. g3 Ke7 37. Kc4 Kd6 38. Rb6+ Kc7 39. Rb5
Rg4 40. Kc5 h5 41. d5 Rg5 42. Ra5 Kb7 43. Ra4 Re5 44. Ra2 g5 45. Kd6 Re1 46.
Kd7 h4 47. Rb2+ Ka6 48. gxh4 gxh4 49. d6 Rg1 50. Rb4 h3 51. Rb3 1-0

[Event "Lichtenberger Sommer 2024"]
[Site "Berlin"]
[Date "2024.08.14"]
[Round "5.5"]
[White "Alten, Silvio"]
[Black "Ross, Chris N"]
[Result "1/2-1/2"]
[WhiteElo "1948"]
[BlackElo "2171"]
[PlyCount "173"]
[EventDate "2024.08.10"]
[WhiteTeam "SV Mattnetz Berlin e.V."]
[BlackTeam "Hillsborough Chess Club"]

1. e4 c5 2. Nf3 e6 3. c3 d5 4. exd5 Qxd5 5. d4 Nf6 6. Na3 cxd4 7. Nb5 Na6 8.
Qxd4 Bc5 9. Qxd5 Nxd5 10. Bc4 Nb6 11. Bd3 O-O 12. Bf4 Nd5 13. Bg3 Rd8 14. Rd1
Bd7 15. h4 Be7 16. Nbd4 Nc5 17. Bb1 Rac8 18. Ne5 Be8 19. O-O a6 20. Rd2 Nf6 21.
f3 Nh5 22. Bf2 Nf4 23. Bg3 Ng6 24. Nxg6 hxg6 25. Rfd1 b5 26. b3 Nb7 27. Ne2 Bc6
28. Kf1 Kf8 29. Bd3 Nc5 30. Bb1 Rxd2 31. Rxd2 Rd8 32. Ke1 Ke8 33. Nd4 Bd5 34.
Ke2 Bf6 35. Ke3 Bb7 36. Ne2 Rxd2 37. Kxd2 Bd5 38. Ke3 Kd7 39. Be1 e5 40. g3 Bd8
41. Nc1 Bb6 42. Ke2 e4 43. fxe4 Nxe4 44. Bd3 Bc7 45. Bxe4 Bxe4 46. Ke3 Bd5 47.
Nd3 Bb6+ 48. Kf4 f6 49. Nb2 Kc6 50. Nd3 a5 51. Nb2 Bc7+ 52. Ke3 Be6 53. c4 bxc4
54. Nxc4 a4 55. Kd3 axb3 56. axb3 Kb5 57. Na3+ Kc5 58. b4+ Kd5 59. Ke3 Bd7 60.
Kd3 Bd6 61. Nc2 Bf5+ 62. Kc3 Bxc2 63. Kxc2 Kc4 64. b5 Kxb5 65. Kd3 Kc5 66. Ke4
f5+ 67. Kf3 Be5 68. Bd2 Kd5 69. Bc1 Ke6 70. Bd2 Kf7 71. Bc1 Bf6 72. Bd2 Be7 73.
Bc1 g5 74. hxg5 Kg6 75. Bd2 Bxg5 76. Bc3 Bf6 77. Be1 Kh5 78. Kf4 g6 79. Bb4 Bb2
80. Bd2 Ba3 81. Be3 Bd6+ 82. Kf3 g5 83. Bd2 Bc5 84. Bc1 Bb4 85. Be3 Be1 86. Bc1
g4+ 87. Kg2 1/2-1/2

[Event "Lichtenberger Sommer 2024"]
[Site "Berlin"]
[Date "2024.08.14"]
[Round "5.6"]
[White "Pixa, Richard"]
[Black "Matthes, Aaron"]
[Result "1/2-1/2"]
[WhiteElo "2099"]
[BlackElo "2174"]
[PlyCount "98"]
[EventDate "2024.08.10"]
[WhiteTeam "SV Mattnetz Berlin e.V."]
[BlackTeam "SC Kreuzberg e.V."]

1. e4 e5 2. Nf3 Nc6 3. Bc4 Nf6 4. Ng5 d5 5. exd5 Na5 6. Bb5+ c6 7. dxc6 bxc6 8.
Bd3 Nd5 9. Nf3 Bd6 10. O-O O-O 11. Re1 f5 12. Nxe5 Qf6 13. Nf3 g5 14. c4 Nf4
15. Bf1 g4 16. d4 gxf3 17. Qxf3 Ne6 18. Qc3 Nxd4 19. c5 Be5 20. Rxe5 Qxe5 21.
Be3 Rd8 22. Qxa5 Be6 23. Qc3 Rab8 24. Kh1 f4 25. Bd2 f3 26. Na3 Bd5 27. g3 Qe4
28. Bd3 Qg4 29. Nc2 Ne2 30. Ne3 Qh5 31. Qf6 Nxg3+ 32. fxg3 f2+ 33. Ng2 Bxg2+
34. Kxg2 Rxd3 35. Bc3 Qd5+ 36. Kh3 Qh5+ 37. Kg2 Qd5+ 38. Kh3 Rxc3 39. Qxc3 Rf8
40. Rf1 Qh5+ 41. Kg2 Qd5+ 42. Kh3 Qe6+ 43. Kg2 Qe4+ 44. Kh3 Rf5 45. Qb3+ Kg7
46. Qd1 Qe6 47. Kg2 Qe4+ 48. Kh3 Kh6 49. Qd6+ Kg7 1/2-1/2

[Event "Lichtenberger Sommer 2024"]
[Site "Berlin"]
[Date "2024.08.14"]
[Round "5.7"]
[White "Pererva, Viktor"]
[Black "Reichmann, Felix"]
[Result "1/2-1/2"]
[WhiteElo "2100"]
[BlackElo "2171"]
[PlyCount "83"]
[EventDate "2024.08.10"]
[WhiteTeam "SV Mattnetz Berlin e.V."]
[BlackTeam "SV Empor Berlin e.V."]

1. c4 c5 2. g3 g6 3. Bg2 Bg7 4. Nc3 Nc6 5. Nf3 Nh6 6. d4 cxd4 7. Nxd4 Nxd4 8.
Bxh6 Bxh6 9. Qxd4 O-O 10. O-O Bg7 11. Qd3 d6 12. Rfd1 Be6 13. Rac1 Rc8 14. b3
b6 15. Nb5 Qd7 16. Nd4 Bh3 17. Bd5 a6 18. a4 Kh8 19. Qd2 Qc7 20. b4 Bd7 21. b5
a5 22. Bc6 Bh3 23. Nc2 Bd7 24. Nd4 Be6 25. Nxe6 fxe6 26. Qe3 Rf6 27. f3 Rf5 28.
Qxe6 Re5 29. Qg4 Rxe2 30. Re1 Rxe1+ 31. Rxe1 Rf8 32. Qe4 e5 33. Kg2 Bh6 34. Rd1
Rd8 35. h4 Kg7 36. Qg4 Be3 37. h5 Qf7 38. Rd3 Bd4 39. Qg5 Qf6 40. Qxf6+ Kxf6
41. hxg6 hxg6 42. Rd1 1/2-1/2

[Event "Lichtenberger Sommer 2024"]
[Site "Berlin"]
[Date "2024.08.14"]
[Round "5.8"]
[White "Nötzel, Felix"]
[Black "Moser, Axel"]
[Result "0-1"]
[WhiteElo "2168"]
[BlackElo "2097"]
[PlyCount "76"]
[EventDate "2024.08.10"]
[WhiteTeam "SF Berlin 1903 e.V."]
[BlackTeam "SC Freibauer Hofstetten"]

1. c4 e5 2. Nc3 Bb4 3. g3 Bxc3 4. bxc3 Nc6 5. Bg2 d6 6. Rb1 f5 7. d3 Nf6 8. Nh3
O-O 9. O-O Qe8 10. f4 e4 11. Qc2 Qe7 12. Nf2 Re8 13. Nd1 b6 14. Ne3 Qf7 15. g4
fxg4 16. dxe4 Bd7 17. Nd5 Rac8 18. e5 Nh5 19. Ne3 Kh8 20. Bd5 Qf8 21. e6 Rxe6
22. Bxe6 Bxe6 23. Nd5 Na5 24. e4 c6 25. f5 Bf7 26. Ne3 Nf6 27. Qg2 Bxc4 28.
Nxc4 Nxc4 29. Bf4 Re8 30. Rfe1 Ne5 31. Bxe5 Rxe5 32. Rbd1 Qe7 33. Qg3 h5 34.
Qh4 Rxe4 35. Rxe4 Qxe4 36. Qf2 d5 37. Re1 Qf3 38. Qxf3 gxf3 0-1

[Event "Lichtenberger Sommer 2024"]
[Site "Berlin"]
[Date "2024.08.14"]
[Round "5.9"]
[White "Fartmann, Oliver"]
[Black "Hesse, Henrik"]
[Result "0-1"]
[WhiteElo "2093"]
[BlackElo "2313"]
[PlyCount "54"]
[EventDate "2024.08.10"]
[WhiteTeam "SV Mattnetz Berlin e.V."]
[BlackTeam "SV Mattnetz Berlin e.V."]

1. d4 Nf6 2. c4 c5 3. d5 b5 4. cxb5 a6 5. bxa6 e6 6. Nc3 exd5 7. Nxd5 Be7 8. e3
Nxd5 9. Qxd5 Nc6 10. Bd2 O-O 11. Nf3 Qb6 12. Bc3 d6 13. Bd3 Nb4 14. Bxh7+ Kxh7
15. Qxa8 Nc6 16. Nd4 cxd4 17. Bxd4 Nxd4 18. Qe4+ Nf5 19. O-O g6 20. g4 d5 21.
Qxd5 Nh4 22. Rac1 Bxa6 23. Rc6 Qb5 24. Qxb5 Bxb5 25. Rc7 Bd6 26. Rfc1 Bxc7 27.
Rxc7 Rd8 0-1

[Event "Lichtenberger Sommer 2024"]
[Site "Berlin"]
[Date "2024.08.14"]
[Round "5.11"]
[White "Fock, Madiha"]
[Black "Jahn, Thomas"]
[Result "0-1"]
[WhiteElo "1922"]
[BlackElo "2165"]
[PlyCount "60"]
[EventDate "2024.08.10"]
[WhiteTeam "TSG Oberschöneweide e.V."]
[BlackTeam "SV Empor Berlin e.V."]

1. e4 e5 2. Nf3 Nc6 3. Bb5 a6 4. Bxc6 dxc6 5. O-O Bd6 6. d4 exd4 7. Qxd4 f6 8.
Re1 Ne7 9. e5 fxe5 10. Nxe5 O-O 11. Bg5 Qe8 12. Nc4 Nf5 13. Qd2 Qg6 14. Nxd6
cxd6 15. Nc3 h6 16. Bf4 d5 17. Ne2 Nh4 18. Bg3 Bh3 19. Nf4 Rxf4 20. Qxf4 Nxg2
21. Qb4 Nxe1 22. Rxe1 Re8 23. a3 Rxe1+ 24. Qxe1 Qxc2 25. Be5 Qg6+ 26. Bg3 Qf5
27. f4 d4 28. Qe5 Qc2 29. Bf2 Qd1+ 30. Qe1 Qf3 0-1

[Event "Lichtenberger Sommer 2024"]
[Site "Berlin"]
[Date "2024.08.14"]
[Round "5.12"]
[White "Petersen, Soren Boeck"]
[Black "Groot, Patrick"]
[Result "1-0"]
[WhiteElo "2156"]
[BlackElo "2008"]
[PlyCount "71"]
[EventDate "2024.08.10"]
[WhiteTeam "vereinslos"]
[BlackTeam "SF Berlin 1903 e.V."]

1. e4 c6 2. d4 d5 3. Nc3 dxe4 4. Nxe4 Nf6 5. Nxf6+ exf6 6. c3 Bd6 7. Bd3 O-O 8.
Ne2 Re8 9. Qc2 h5 10. Be3 Nd7 11. Ng3 Nb6 12. O-O-O Nd5 13. Bd2 Nf4 14. Bxf4
Bxf4+ 15. Kb1 Qa5 16. Bf5 Bxf5 17. Qxf5 Qxf5+ 18. Nxf5 Re2 19. g3 Bd2 20. Rhf1
Rd8 21. Nh4 Rde8 22. Nf3 Bh6 23. Ng1 R2e6 24. Kc2 g6 25. Kd3 Kf8 26. b4 Ke7 27.
Rfe1 Kd6 28. Re2 b5 29. a4 a6 30. Ra1 Kd5 31. axb5 axb5 32. Ra7 Rf8 33. Rd7+
Rd6 34. Rde7 Re6 35. R2xe6 fxe6 36. Rd7# 1-0

[Event "Lichtenberger Sommer 2024"]
[Site "Berlin"]
[Date "2024.08.14"]
[Round "5.13"]
[White "Niehaus, Frank"]
[Black "Idaczek, Günter"]
[Result "1-0"]
[WhiteElo "2120"]
[BlackElo "1948"]
[PlyCount "101"]
[EventDate "2024.08.10"]
[WhiteTeam "SK König Tegel 1949 e.V."]
[BlackTeam "SG NARVA Berlin e.V."]

1. e4 d6 2. d4 Nf6 3. Nc3 e5 4. Nf3 exd4 5. Nxd4 Be7 6. Bf4 O-O 7. Qd2 a6 8.
O-O-O b5 9. f3 b4 10. Nd5 Nxd5 11. exd5 a5 12. Kb1 Bf6 13. Bb5 Bd7 14. Bxd7
Qxd7 15. g4 Bxd4 16. Qxd4 Qb5 17. h4 a4 18. h5 c5 19. dxc6 Nxc6 20. Qd5 Qb6 21.
h6 b3 22. cxb3 Ne5 23. hxg7 Rfe8 24. Qxd6 Qxd6 25. Rxd6 Ng6 26. Bh6 axb3 27.
axb3 Ne5 28. Rf1 Rab8 29. Re1 Nxf3 30. Rxe8+ Rxe8 31. b4 Ne5 32. Rd4 Nc6 33.
Rc4 Na7 34. Rc7 Nb5 35. Rd7 Rc8 36. Rd5 Na7 37. Ka2 Nc6 38. Kb3 Ne7 39. Re5 Ng6
40. Rc5 Re8 41. Rc4 Nh4 42. b5 f5 43. Rf4 Re6 44. g5 Re3+ 45. Kc4 Re4+ 46. Rxe4
fxe4 47. b6 e3 48. Kd3 Nf3 49. Kxe3 Ne5 50. b7 Nc6 51. Ke4 1-0

[Event "Lichtenberger Sommer 2024"]
[Site "Berlin"]
[Date "2024.08.14"]
[Round "5.14"]
[White "Grillich, Alexander"]
[Black "Amelang, Thomas"]
[Result "0-1"]
[WhiteElo "1915"]
[BlackElo "2106"]
[PlyCount "68"]
[EventDate "2024.08.10"]
[WhiteTeam "SC Rochade e.V."]
[BlackTeam "Münchener SC 1836 e.V."]

1. e4 d6 2. d4 Nf6 3. Nc3 g6 4. f3 Bg7 5. Be3 c6 6. Qd2 Nbd7 7. Bh6 Bxh6 8.
Qxh6 Qa5 9. Qd2 b5 10. Bd3 Qb6 11. Nge2 Bb7 12. g4 h6 13. Nd1 Nf8 14. Rf1 Ne6
15. c3 a5 16. Nf4 Nxf4 17. Qxf4 b4 18. Rf2 Ba6 19. Qd2 Bxd3 20. Qxd3 Nd7 21. f4
Qa6 22. Kd2 Kd8 23. Qxa6 Rxa6 24. Ne3 c5 25. e5 dxe5 26. fxe5 f6 27. exf6 Nxf6
28. Kd3 cxd4 29. cxd4 Rd6 30. Nc4 Rd5 31. Ne5 Kc7 32. Rc1+ Kb7 33. Rfc2 Rhd8
34. Rc4 Rxe5 0-1

[Event "Lichtenberger Sommer 2024"]
[Site "Berlin"]
[Date "2024.08.14"]
[Round "5.15"]
[White "Matviienko, Mykhailo"]
[Black "Nguyen, Phuc Nhat"]
[Result "1/2-1/2"]
[WhiteElo "2102"]
[BlackElo "1943"]
[PlyCount "86"]
[EventDate "2024.08.10"]
[WhiteTeam "SK Zehlendorf e.V."]
[BlackTeam "TSG Oberschöneweide e.V."]

1. c4 e5 2. b3 Nf6 3. Bb2 Nc6 4. g3 d5 5. Bg2 Be6 6. d3 Bb4+ 7. Bc3 a5 8. a3
Bxc3+ 9. Nxc3 O-O 10. Nf3 h6 11. Nd2 Qd7 12. O-O Rad8 13. Re1 Qe7 14. Qc2 Rd7
15. Qb2 Rfd8 16. Rab1 Qc5 17. b4 Qa7 18. b5 Nd4 19. e3 dxc4 20. Nxc4 Bxc4 21.
dxc4 Ne6 22. b6 Qxb6 23. Qxb6 cxb6 24. Rxb6 Rd3 25. Nd5 Nxd5 26. Bxd5 Nc5 27.
Ra1 Rc8 28. a4 Rb3 29. Rb1 Rxb1+ 30. Rxb1 Rc7 31. Rb5 Nxa4 32. Rxa5 Nb6 33. Rb5
Nxc4 34. Bxc4 Rxc4 35. Rxb7 g5 36. Rb5 f6 37. Rb7 Ra4 38. Kg2 Rc4 39. Re7 Ra4
40. Rc7 Rb4 41. Re7 Ra4 42. f3 h5 43. h3 Ra2+ 1/2-1/2

[Event "Lichtenberger Sommer 2024"]
[Site "Berlin"]
[Date "2024.08.14"]
[Round "5.16"]
[White "Lange, Malina"]
[Black "Vogel, Robert"]
[Result "1-0"]
[WhiteElo "1859"]
[BlackElo "2079"]
[PlyCount "73"]
[EventDate "2024.08.10"]
[WhiteTeam "SV Mattnetz Berlin e.V."]
[BlackTeam "SK München Südost e.V."]

1. c4 g6 2. Nf3 Bg7 3. d4 d6 4. g3 Nf6 5. Bg2 O-O 6. O-O c5 7. Nc3 Nc6 8. d5
Na5 9. Qd3 e6 10. Bg5 h6 11. Bf4 exd5 12. Nxd5 Nxd5 13. Qxd5 Be6 14. Qxd6 Nxc4
15. Qxc5 g5 16. Rad1 Qb6 17. Qxb6 axb6 18. Bd6 Rfd8 19. Be7 Re8 20. Ba3 Nxb2
21. Bxb2 Bxb2 22. Nd4 Bxa2 23. Bxb7 Rab8 24. Bc6 Rec8 25. Nf5 Kf8 26. Rd2 Be6
27. Rxb2 Bxf5 28. Bb5 Rc5 29. Kg2 Ke7 30. Ra1 Ra8 31. Rxa8 Be4+ 32. f3 Bxa8 33.
Bd3 Rc6 34. Be4 Rc8 35. Bxa8 Rxa8 36. Rxb6 f6 37. Rb7+ 1-0

[Event "Lichtenberger Sommer 2024"]
[Site "Berlin"]
[Date "2024.08.14"]
[Round "5.17"]
[White "Tomin, Bogdan"]
[Black "Rosmait, Emily"]
[Result "1-0"]
[WhiteElo "2072"]
[BlackElo "1939"]
[PlyCount "85"]
[EventDate "2024.08.10"]
[WhiteTeam "SF Berlin 1903 e.V."]
[BlackTeam "TuRa Harksheide von 1945 Norders"]

1. e4 e5 2. Nf3 Nc6 3. Nc3 Nf6 4. d4 exd4 5. Nxd4 Bb4 6. Nxc6 Bxc3+ 7. bxc3
bxc6 8. Bd3 d6 9. Bg5 h6 10. Bh4 O-O 11. O-O Re8 12. f4 Qe7 13. Qf3 Qe6 14. e5
Qg4 15. exf6 Qxh4 16. Qxc6 Bg4 17. h3 Bh5 18. g4 Bg6 19. f5 Bh7 20. Kg2 Qxf6
21. Rae1 Kf8 22. Bb5 Red8 23. Rf2 h5 24. Kg3 hxg4 25. hxg4 Qg5 26. Rh2 Bg8 27.
Rhe2 g6 28. fxg6 Qxg6 29. Bd3 Qg5 30. Bf5 Rab8 31. Qxc7 Rb5 32. Bd7 Rd5 33. Re7
Ra8 34. Bc6 Rc5 35. Qxd6 Rxc6 36. Qxc6 Rd8 37. Re8+ Kg7 38. Rxd8 Qxd8 39. Qe8
Qd2 40. Qe5+ Kf8 41. Re2 Qd1 42. Qc5+ Kg7 43. Qd4+ 1-0

[Event "Lichtenberger Sommer 2024"]
[Site "Berlin"]
[Date "2024.08.14"]
[Round "5.18"]
[White "Kaushik, Siya"]
[Black "Asatryan, Tigran"]
[Result "1-0"]
[WhiteElo "1608"]
[BlackElo "2036"]
[PlyCount "107"]
[EventDate "2024.08.10"]
[WhiteTeam "vereinslos"]
[BlackTeam "vereinslos"]

1. e4 b6 2. d4 Bb7 3. Nc3 e6 4. Nf3 Bb4 5. Bd3 c5 6. a3 cxd4 7. axb4 dxc3 8.
bxc3 Nf6 9. Qe2 Qc7 10. Bb2 Nc6 11. O-O Ne7 12. c4 Ng6 13. e5 Nh5 14. Qe3 Ngf4
15. Be4 g5 16. Nd4 a6 17. b5 a5 18. Ba3 f5 19. Bd6 Qc8 20. Bxb7 Qxb7 21. Qf3
Qxf3 22. Nxf3 Ne2+ 23. Kh1 g4 24. Nd2 Kd8 25. c5 bxc5 26. b6 Kc8 27. Nb3 Kb7
28. Bc7 a4 29. Nxc5+ Kc6 30. b7 Kxc5 31. bxa8=Q Rxa8 32. Rfd1 Kc6 33. Bd6 Nhf4
34. c4 Nc3 35. Rdc1 Ne4 36. f3 gxf3 37. gxf3 Nxd6 38. exd6 Kxd6 39. c5+ Kc6 40.
Rc4 Nd5 41. Rcxa4 Rxa4 42. Rxa4 Kxc5 43. Rh4 Ne3 44. Rxh7 d5 45. h4 f4 46. h5
Nf5 47. h6 Kd4 48. Rh8 Nxh6 49. Rxh6 Ke3 50. Rxe6+ Kxf3 51. Rd6 Ke4 52. Kg2 d4
53. Kf2 d3 54. Rd8 1-0

[Event "Lichtenberger Sommer 2024"]
[Site "Berlin"]
[Date "2024.08.14"]
[Round "5.19"]
[White "Geldner, Gerrit"]
[Black "Bongardt, Livius"]
[Result "1/2-1/2"]
[WhiteElo "2009"]
[BlackElo "1875"]
[PlyCount "134"]
[EventDate "2024.08.10"]
[WhiteTeam "SC Kreuzberg e.V."]
[BlackTeam "TSG Oberschöneweide e.V."]

1. c4 Nf6 2. Nc3 g6 3. g3 Bg7 4. Bg2 O-O 5. e4 d6 6. Nge2 c5 7. O-O Nc6 8. d3
Ne8 9. Be3 Nd4 10. Rb1 Nc7 11. Qd2 Nce6 12. Bh6 Bd7 13. Bxg7 Kxg7 14. f4 Rb8
15. f5 Nxe2+ 16. Nxe2 Nd4 17. Nxd4 cxd4 18. Qf2 Qb6 19. f6+ exf6 20. Qxf6+ Kg8
21. Rf4 Qc5 22. Rbf1 Qe5 23. h4 Rbe8 24. Kh2 Re6 25. Qxe5 dxe5 26. R4f2 Rb6 27.
Bh3 Bxh3 28. Kxh3 h5 29. b3 Kg7 30. g4 hxg4+ 31. Kxg4 f6 32. Rh1 a5 33. h5 Rh8
34. Rfh2 g5 35. Rb2 Kh6 36. a3 Ra8 37. Rc1 Kg7 38. Kf5 Kh6 39. c5 Rc6 40. Rbc2
Kg7 41. Rc4 Raa6 42. b4 axb4 43. axb4 b5 44. cxb6 Rcxb6 45. Rc7+ Kh6 46. Rf7
Ra2 47. Rxf6+ Rxf6+ 48. Kxf6 Rd2 49. Kxe5 Rxd3 50. Rh1 Rb3 51. Kxd4 Rxb4+ 52.
Kd5 Rb2 53. e5 Rd2+ 54. Kc6 Re2 55. Kd6 Rd2+ 56. Ke7 Re2 57. e6 g4 58. Kd7 Rd2+
59. Ke8 Re2 60. e7 g3 61. Rd1 Kxh5 62. Kd7 Kh4 63. Rd6 Rxe7+ 64. Kxe7 g2 65.
Rh6+ Kg3 66. Rg6+ Kf2 67. Rxg2+ Kxg2 1/2-1/2

[Event "Lichtenberger Sommer 2024"]
[Site "Berlin"]
[Date "2024.08.14"]
[Round "5.20"]
[White "Beduschi, Ben"]
[Black "Hommel, Niclas"]
[Result "1/2-1/2"]
[WhiteElo "1941"]
[BlackElo "2111"]
[PlyCount "141"]
[EventDate "2024.08.10"]
[WhiteTeam "Barnimer SF im SV Sta"]
[BlackTeam "TSG Oberschöneweide e.V."]

1. d4 Nf6 2. Nf3 e6 3. Bf4 c5 4. e3 cxd4 5. exd4 b6 6. Nbd2 Be7 7. h3 O-O 8.
Bd3 Ba6 9. Bxa6 Nxa6 10. c3 d6 11. O-O Nc7 12. a4 Qd7 13. Ne1 Rfc8 14. Nd3 a6
15. Qe2 Rab8 16. Rfc1 Ncd5 17. Bg3 b5 18. axb5 axb5 19. Qd1 Rb7 20. Ra2 Bf8 21.
Rca1 Nb6 22. Nb4 Nfd5 23. Nxd5 Nxd5 24. Ra5 Nb6 25. R5a2 b4 26. Rc1 Rbc7 27.
Ra6 Qb5 28. Qf1 Nc4 29. Raa1 Qd5 30. Nxc4 Qxc4 31. Qd1 bxc3 32. Rxc3 Qb4 33.
Rb3 Qc4 34. Rc3 Qb5 35. Rac1 Rxc3 36. Rxc3 Ra8 37. Qc1 Ra4 38. Qd1 Qxb2 39.
Qxa4 Qxc3 40. Kh2 d5 41. Qe8 Qb4 42. Be5 Qe7 43. Qb8 f6 44. Bg3 Kf7 45. Qf4 Qa7
46. Qh4 Kg8 47. Qg4 Qb6 48. f4 g6 49. Bf2 Kf7 50. Qe2 Ba3 51. Qc2 h5 52. Qc8
Qb2 53. Qc7+ Be7 54. Kg1 h4 55. Be3 Qe2 56. Qc1 Bd6 57. Qd2 Qxd2 58. Bxd2 Ke8
59. Kf2 Kd7 60. Kf3 Kc6 61. Be1 g5 62. fxg5 fxg5 63. Bd2 Be7 64. Kg4 Kb5 65.
Bxg5 Bxg5 66. Kxg5 Kc4 67. Kxh4 Kxd4 68. g4 Ke5 69. g5 d4 70. Kg3 Kf5 71. h4
1/2-1/2

[Event "Lichtenberger Sommer 2024"]
[Site "Berlin"]
[Date "2024.08.14"]
[Round "5.21"]
[White "Reiche, Andreas"]
[Black "Donath, Johann"]
[Result "0-1"]
[WhiteElo "1939"]
[BlackElo "2069"]
[PlyCount "52"]
[EventDate "2024.08.10"]
[WhiteTeam "SV Berolina Mitte e.V."]
[BlackTeam "BSV 63 Chemie Weißensee"]

1. e4 c5 2. Nf3 d6 3. d4 cxd4 4. Nxd4 Nf6 5. Bd3 Nc6 6. Nxc6 bxc6 7. c4 g6 8.
Nc3 Bg7 9. O-O O-O 10. h3 Nd7 11. Qc2 Nc5 12. Re1 Ne6 13. Be3 c5 14. Ne2 Rb8
15. Rab1 a5 16. Nc3 Nd4 17. Qd1 f5 18. exf5 gxf5 19. Qh5 e5 20. Bg5 Qe8 21. Qh4
Kh8 22. Bh6 Qg6 23. Bxg7+ Qxg7 24. Qg3 Qh6 25. Qe3 f4 26. Qc1 Rg8 0-1

[Event "Lichtenberger Sommer 2024"]
[Site "Berlin"]
[Date "2024.08.14"]
[Round "5.22"]
[White "Matitschka, Heinz"]
[Black "Federau, Jürgen"]
[Result "1-0"]
[WhiteElo "1892"]
[BlackElo "2064"]
[PlyCount "71"]
[EventDate "2024.08.10"]
[WhiteTeam "TSG Oberschöneweide e.V."]
[BlackTeam "SC Kreuzberg e.V."]

1. d4 Nf6 2. c4 e6 3. Nc3 Bb4 4. Qc2 O-O 5. Nf3 c5 6. dxc5 Bxc5 7. Bg5 Be7 8.
e3 d6 9. Bd3 Nbd7 10. O-O h6 11. Bh4 a6 12. Rfd1 Qc7 13. Rac1 b6 14. Qe2 Bb7
15. Nd4 Rfe8 16. Bb1 Rac8 17. f3 Qb8 18. Bg3 Qa8 19. b3 Nf8 20. Na4 N8d7 21.
Qd2 Qa7 22. Nc3 Red8 23. Bf2 Qb8 24. Qe1 Ba8 25. e4 Bf8 26. Be3 Ne5 27. Qg3 Kh8
28. Nce2 Ng6 29. Nxe6 Rd7 30. Nxf8 Rxf8 31. Nf4 Nxf4 32. Qxf4 b5 33. Bd4 Ng8
34. Bxg7+ Kxg7 35. Qg4+ Kh8 36. Qxd7 1-0

[Event "Lichtenberger Sommer 2024"]
[Site "Berlin"]
[Date "2024.08.14"]
[Round "5.23"]
[White "Kretzschmar, Jan"]
[Black "Verbitsky, Jaroslaw"]
[Result "0-1"]
[WhiteElo "1869"]
[BlackElo "2049"]
[PlyCount "80"]
[EventDate "2024.08.10"]
[WhiteTeam "SC Kreuzberg e.V."]
[BlackTeam "SV Mattnetz Berlin e.V."]

1. d4 Nf6 2. Nf3 d5 3. c4 e6 4. g3 Bb4+ 5. Bd2 Be7 6. Bg2 O-O 7. O-O Nbd7 8.
Qc2 c6 9. Bf4 h6 10. b3 b6 11. Bc1 Ba6 12. Nbd2 Rc8 13. Bb2 Qc7 14. Rfe1 c5 15.
Rac1 cxd4 16. Nxd4 dxc4 17. Nc6 Nb8 18. Nxe7+ Qxe7 19. bxc4 Bb7 20. e4 e5 21.
Nf1 Nc6 22. Qb1 Nd4 23. Ne3 Qe6 24. f4 exf4 25. gxf4 Nc6 26. e5 Nh5 27. f5 Qe7
28. Nd5 Qc5+ 29. Kh1 Ne7 30. Qe4 Ba8 31. f6 Nxd5 32. cxd5 Qf2 33. Qg4 Rxc1 34.
Rxc1 Qxb2 35. Rg1 Qxe5 36. fxg7 Rd8 37. Bf3 Bxd5 38. Rg2 Bxf3 39. Qxf3 Nf4 40.
Rg1 Qd5 0-1

[Event "Lichtenberger Sommer 2024"]
[Site "Berlin"]
[Date "2024.08.14"]
[Round "5.24"]
[White "Rath, Alina"]
[Black "Beran, Rolf-Dietrich"]
[Result "1-0"]
[WhiteElo "2020"]
[BlackElo "1957"]
[PlyCount "77"]
[EventDate "2024.08.10"]
[WhiteTeam "SK König Tegel 1949 e.V."]
[BlackTeam "SG Rot-Weiß Neuenhagen"]

1. c4 c5 2. Nc3 Nc6 3. g3 g6 4. Bg2 Bg7 5. e4 d6 6. Nge2 Nf6 7. O-O O-O 8. h3
Bd7 9. d3 Ne8 10. Rb1 Nc7 11. a3 a5 12. Nd5 Ne6 13. b4 axb4 14. axb4 b6 15. Bb2
Ned4 16. b5 Nxe2+ 17. Qxe2 Nd4 18. Qd1 Be6 19. Nc3 Ra5 20. f4 f5 21. exf5 Nxf5
22. Qe1 Bf7 23. Kh2 Bd4 24. Nd5 e6 25. Bxd4 Nxd4 26. Ne3 d5 27. Ng4 Ra2 28. Qe5
Nf5 29. Nf6+ Kh8 30. Nd7+ Kg8 31. Nxf8 Kxf8 32. Rb2 Rxb2 33. Qxb2 dxc4 34. dxc4
Qd3 35. Rf3 Qxc4 36. Qh8+ Ke7 37. Ra3 Be8 38. Ra7+ Kd8 39. Ra8+ 1-0